Statistics for しりとりに強くなりたい人のためのクイズ「む」編

Click here to take the quiz!

General Stats

  • This quiz has been taken 36 times
  • The average score is 2 of 5

Answer Stats

意味言葉% Correct
アラビア語で「神に帰依する者」という意味の言葉で、イスラム教徒のことを指す。ムスリム
94%
自転車のタイヤにあるプランジャーという部品に付けられている、チューブ状のゴム。虫ゴム
29%
ウイグル族における、長大な一連の曲の集まり。マカム、マカームとも呼ばれる。「新疆のウイグルの大曲芸術」として無形文化遺産に登録されている。ムカム
26%
ヒジュラ暦(主にイスラム教社会で使用されている暦)で、一番目の月を指す言葉。ラマダーン月の次に神聖な期間とされている場合がある。ムハッラム
3%
タイハクオウムの別名。全身が白く、インドネシアのモルッカ諸島の一部に棲息している。ムジオウム
0%

Score Distribution

Percentile by Number Answered

Percent of People with Each Score

Your Score History

You have not taken this quiz